[Event "Ghent Taminco op 34th"]
[Site "Ghent"]
[Date "2011.07.19"]
[Round "8"]
[White "Eerens, Pim"]
[Black "Verbeeren, Peter"]
[Result "0-1"]
[WhiteElo "2183"]
[BlackElo "1987"]
[PlyCount "60"]
[EventDate "2011.07.16"]
[EventType "swiss"]
[EventRounds "9"]
[EventCountry "BEL"]
[SourceTitle "CBM 143 Extra"]
[Source "ChessBase"]
[SourceDate "2011.08.29"]
[SourceVersion "1"]
[SourceVersionDate "2011.08.29"]
[SourceQuality "1"]

1. d4 g6 2. c4 Bg7 3. e4 d6 4. Nc3 a6 5. Be3 c6 6. a4 a5 7. Qd2 Na6 8. Be2 Nb4 9. f4 Nf6 10. h3 0-0 11. g4 d5 12. Bd3 Nxe4 13. Nxe4 Nxd3+ 14. Qxd3 dxe4 15. Qxe4 Qb6 16. Ne2 Qb4+ 17. Kf2 f5 18. Qc2 fxg4 19. hxg4 Bxg4 20. Ng3 Bxd4 21. Bxd4 Rxf4+ 22. Ke3 Rf3+ 23. Ke4 Rxg3 24. Qh2 Bf5+ 25. Kf4 Qd6+ 26. Be5 Rg4+ 27. Kf3 Qd3+ 28. Kf2 Qc2+ 29. Kf3 Qe4+ 30. Kf2 h5 0-1

[Event "Goch op 21st"]
[Site "Goch"]
[Date "2010.10.02"]
[Round "4"]
[White "Kienitz, Andre"]
[Black "Verbeeren, Peter"]
[Result "1/2-1/2"]
[WhiteElo "2180"]
[BlackElo "1988"]
[PlyCount "50"]
[EventDate "2010.09.30"]
[EventType "swiss"]
[EventRounds "7"]
[EventCountry "GER"]
[SourceTitle "EXT 2012"]
[Source "ChessBase"]
[SourceDate "2011.11.24"]
[SourceVersion "1"]
[SourceVersionDate "2011.11.24"]
[SourceQuality "1"]

1. e4 Nc6 2. Nf3 d6 3. d4 Nf6 4. Nc3 Bg4 5. Be3 e6 6. h3 Bh5 7. Be2 Be7 8. d5 exd5 9. exd5 Bxf3 10. Bxf3 Ne5 11. Be2 0-0 12. 0-0 Ng6 13. a4 Nd7 14. a5 a6 15. Nb1 Bg5 16. f4 Bf6 17. c3 Re8 18. Bc1 Qe7 19. Bd3 Nc5 20. Bc2 Qe2 21. Qxe2 Rxe2 22. Bd1 Re7 23. Bc2 Re2 24. Bd1 Re7 25. Bc2 Re2 1/2-1/2

[Event "Goch op 21st"]
[Site "Goch"]
[Date "2010.10.01"]
[Round "3"]
[White "Verbeeren, Peter"]
[Black "Kuelzer, Marius"]
[Result "1-0"]
[WhiteElo "1988"]
[BlackElo "1852"]
[PlyCount "59"]
[EventDate "2010.09.30"]
[EventType "swiss"]
[EventRounds "7"]
[EventCountry "GER"]
[SourceTitle "EXT 2012"]
[Source "ChessBase"]
[SourceDate "2011.11.24"]
[SourceVersion "1"]
[SourceVersionDate "2011.11.24"]
[SourceQuality "1"]

1. d4 Nf6 2. Nf3 e6 3. e3 b6 4. Bd3 Bb7 5. Nbd2 d5 6. 0-0 Bd6 7. b3 0-0 8. Bb2 Nbd7 9. Ne5 Ne4 10. f4 f5 11. Ndf3 Ndf6 12. c4 dxc4 13. Bxc4 Nd5 14. Qe2 Qe7 15. a3 a5 16. Rfc1 c5 17. Bd3 Rfc8 18. Nc4 Ba6 19. Nxd6 Bxd3 20. Nxc8 Bxe2 21. Nxe7+ Nxe7 22. Ng5 Nd5 23. Nxe4 fxe4 24. dxc5 bxc5 25. Rxc5 Rb8 26. b4 axb4 27. axb4 Nxb4 28. Rc7 Nd5 29. Rxg7+ Kf8 30. Rxh7 1-0